<?xml version="1.0" encoding="UTF-8"?><?xml-stylesheet type="text/xsl" href="static/style.xsl"?><OAI-PMH xmlns="http://www.openarchives.org/OAI/2.0/" xmlns:xsi="http://www.w3.org/2001/XMLSchema-instance" xsi:schemaLocation="http://www.openarchives.org/OAI/2.0/ http://www.openarchives.org/OAI/2.0/OAI-PMH.xsd"><responseDate>2026-06-01T10:17:30Z</responseDate><request verb="GetRecord" identifier="oai:riuma.uma.es:10630/32996" metadataPrefix="marc">https://riuma.uma.es/rest/oai/request</request><GetRecord><record><header><identifier>oai:riuma.uma.es:10630/32996</identifier><datestamp>2026-02-03T11:02:38Z</datestamp><setSpec>com_10630_2254</setSpec><setSpec>col_10630_37953</setSpec></header><metadata><record xmlns="http://www.loc.gov/MARC21/slim" xmlns:dcterms="http://purl.org/dc/terms/" xmlns:doc="http://www.lyncode.com/xoai" xmlns:xsi="http://www.w3.org/2001/XMLSchema-instance" xsi:schemaLocation="http://www.loc.gov/MARC21/slim http://www.loc.gov/standards/marcxml/schema/MARC21slim.xsd">
   <leader>00925njm 22002777a 4500</leader>
   <datafield ind2=" " ind1=" " tag="042">
      <subfield code="a">dc</subfield>
   </datafield>
   <datafield ind2=" " ind1=" " tag="720">
      <subfield code="a">Videra-García, Antonio</subfield>
      <subfield code="e">author</subfield>
   </datafield>
   <datafield ind2=" " ind1=" " tag="720">
      <subfield code="a">Reigal-Garrido, Rafael Enrique</subfield>
      <subfield code="e">author</subfield>
   </datafield>
   <datafield ind2=" " ind1=" " tag="260">
      <subfield code="c">2013</subfield>
   </datafield>
   <datafield ind2=" " ind1=" " tag="520">
      <subfield code="a">El propósito de este trabajo es examinar las relaciones entre el autoconcepto físico, percepción de salud y satisfacción vital, en una mues-tra de adolescentes. Participan en el estudio 1648 adolescentes de la ciudad de Málaga (España), en edades comprendidas entre los 14 y 16 años. Los instrumentos utilizados para medir los constructos indicados son el Cuestio-nario de Autoconcepto Físico (CAF) de Goñi, Ruiz de Azúa y Rodríguez (2006), el Cuestionario de Salud General (GHQ) de Goldberg (1972, 1978) y la Escala de Satisfacción con la Vida (SWLS) elaborada por Diener, Emmons, Larsen y Griffin (1985). Los análisis de correlación y regresión lineal efectuados po-nen de manifiesto la conexión entre las variables objeto de estudio, resal-tando la dimensión atractivo físico y la percepción de salud como aquellas que tienen una mayor relación con la satisfacción vital, tanto en la muestra total como en función del sexo. Por otro lado, la medida complementaria de autoconcepto general, que incluye el CAF, tiene también una vinculación notable con la satisfacción vital, aunque con mayor peso en chicas que en chicos.</subfield>
   </datafield>
   <datafield ind1="8" ind2=" " tag="024">
      <subfield code="a">Videra-García, A., &amp; Reigal-Garrido, R. E. (2013). Autoconcepto físico, percepción de salud y satisfacción vital en una muestra de adolescentes. Anales de Psicología, 29(1), 141-147.</subfield>
   </datafield>
   <datafield ind1="8" ind2=" " tag="024">
      <subfield code="a">https://hdl.handle.net/10630/32996</subfield>
   </datafield>
   <datafield ind1="8" ind2=" " tag="024">
      <subfield code="a">10.6018/analesps.29.1.132401</subfield>
   </datafield>
   <datafield tag="653" ind2=" " ind1=" ">
      <subfield code="a">Adolescentes - Psicología</subfield>
   </datafield>
   <datafield ind2="0" ind1="0" tag="245">
      <subfield code="a">Autoconcepto físico, percepción de salud y satisfacción vital en una muestra de adolescentes</subfield>
   </datafield>
</record>
</metadata></record></GetRecord></OAI-PMH>